Siegerflieger /

Bibliographic Details
Main Author: Teller, Juergen, 1964-
Format: Book
Language:English
Published: Göttingen : Steidl, 2015.
Edition:First edition.
Subjects:

MARC

Tag First Indicator Second Indicator Subfields
LEADER 00000cam a2200000Ia 4500
001 in00003530232
005 20151105213632.0
008 150306s2015 gw a c 000 0 eng d
020 |a 9783869309149  |q (English edition :  |q pbk.) 
020 |a 3869309148  |q (English edition :  |q pbk.) 
035 |a (OCoLC)ocn904540679 
040 |a OHX  |e rda  |c OHX  |d JPG  |d ZCU  |d YDX  |d YDX  |d UtOrBLW 
049 |a TXAM 
050 4 |a TR655  |b .T45 2015 
100 1 |a Teller, Juergen,  |d 1964- 
245 1 0 |a Siegerflieger /  |c Juergen Teller. 
250 |a First edition. 
264 1 |a Göttingen :  |b Steidl,  |c 2015. 
300 |a 1 volume (unpaged) :  |b color illustrations ;  |c 21 x 27 cm. 
336 |a text  |b txt  |2 rdacontent 
337 |a unmediated  |b n  |2 rdamedia 
338 |a volume  |b nc  |2 rdacarrier 
500 |a Title from cover. 
600 1 0 |a Teller, Juergen,  |d 1964-  |v Catalogs. 
650 0 |a Photography, Artistic  |v Catalogs. 
945 |a PromptCat  |b 226338 
946 |a stk 
947 |a A14842872518 
948 |a cataloged  |b h  |c 2015/6/19  |d c  |e dmitchel  |f 3:50:30 pm 
994 |a 92  |b TXA 
999 |a MARS 
999 f f |s ec0bdfa6-da83-351c-8684-d219f3879eb1  |i d9b1338d-45fa-307d-9b5a-2442c0eae895  |t 0 
952 f f |p normal  |a Texas A&M University  |b College Station  |c Sterling C. Evans Library  |d Evans: Library Stacks  |t 0  |e TR655 .T45 2015  |h Library of Congress classification  |i unmediated -- volume  |m A14842872518 
998 f f |a TR655 .T45 2015  |t 0  |l Evans: Library Stacks